000 00442ntaaa2200181 4500
003 01
005 20251027200848.0
008 0714s1973 ag 01
040 _aAR-BaBN
_bspa
_cAR-BaBN
_eaacr
_dRIC
082 _a224.2 H99
100 _aHyatt, J.Philip
245 _aJeremiah /
_cJ.Philip Hyatt
250 _a1 ed.
260 _as/l :
_bAbingdon,
_c1958
300 _a128 p
650 _aBiblia-Antiguo Testamento-Jeremias
_9955
942 _cBK
999 _c2683
_d2683